History Quiz

Random History or Blitz Quiz

US Presidents in Threes Blitz Quiz Stats

 Plays Quiz Updated Dec 26, 2017

Challenge
Share
Tweet
Embed
Score 0/15 Timer 01:00
0 Plays Today
Presidents in Threes % Correct
George Washington/John Adams/Thomas Jefferson
95.7%
James Madison/James Monroe/John Quincy Adams
84.5%
George W. Bush/Barack Obama/Donald Trump
82.9%
Abraham Lincoln/Andrew Johnson/Ulysses Grant
80.6%
Ronald Reagan/George H.W. Bush/Bill Clinton
80%
Herbert Hoover/Franklin Roosevelt/Harry Truman
72.7%
Dwight Eisenhower/John Kennedy/Lyndon Johnson
72.4%
William McKinley/Theodore Roosevelt/William Taft
72.3%
Presidents in Threes % Correct
Andrew Jackson/Martin Van Buren/William Henry Harrison
70.4%
Richard Nixon/Gerald Ford/Jimmy Carter
69.2%
John Tyler/James Polk/Zachary Taylor
61.5%
Woodrow Wilson/Warren Harding/Calvin Coolidge
51.5%
Grover Cleveland/Benjamin Harrison/Grover Cleveland
50.8%
Millard Fillmore/Franklin Pierce/James Buchanan
49.8%
Rutherford Hayes/James Garfield/Chester Arthur
45%

You're not logged in!

Compare scores with friends on all Sporcle quizzes.
Join for Free
OR
Log In

You Might Also Like...

Show Comments

Extras

Top Quizzes Today


Score Distribution

Your Account Isn't Verified!

In order to create a playlist on Sporcle, you need to verify the email address you used during registration. Go to your Sporcle Settings to finish the process.

Report this User

Report this user for behavior that violates our Community Guidelines.

Details: